[Event "Russian Championship B13 1st league 2016"]
[Site "Loo"]
[Date "2016.04.23"]
[Round "4.39"]
[White "Darmogray, Makar"]
[Black "Melnikov, Vyacheslav"]
[Result "1-0"]
[WhiteElo "1634"]
[BlackElo "1491"]
[PlyCount "93"]
[EventDate "2016.04.20"]

1. e4 c6 2. d4 d5 3. exd5 cxd5 4. Bd3 Nc6 5. c3 Nf6 6. h3 g6 7. Nf3 Bg7 8. O-O
O-O 9. Re1 Bf5 10. Bg5 Bxd3 11. Bxf6 Bxf6 12. Qxd3 Qd6 13. Nbd2 Rac8 14. Re2
Rfe8 15. Rae1 Bg7 16. Ne5 Nxe5 17. dxe5 Qc6 18. Nf3 e6 19. Nd4 Qb6 20. Qb5 Qc7
21. a3 a6 22. Qd3 Bf8 23. Qg3 Be7 24. Kh1 Qc4 25. Re3 b5 26. Rf3 Qc7 27. h4 Rf8
28. h5 Kg7 29. Qh3 Qb6 30. h6+ Kh8 31. Qg4 a5 32. b4 a4 33. Qg3 Kg8 34. Rfe3
Rc4 35. f4 Kh8 36. f5 Rxd4 37. cxd4 Qxd4 38. f6 Bd8 39. Rd3 Qa7 40. Rc3 Bb6 41.
Rec1 Qb7 42. Qf3 Qb8 43. Qe2 Bd4 44. Rc6 Bxe5 45. Qc2 Bd6 46. Rc8 Qb6 47. Qc6
1-0

[Event "Russian Championship B13 1st league 2016"]
[Site "Loo"]
[Date "2016.04.23"]
[Round "4.40"]
[White "Nedelko, Nikita"]
[Black "Ogorodnikov, Nikolai"]
[Result "0-1"]
[WhiteElo "1439"]
[BlackElo "1633"]
[PlyCount "140"]
[EventDate "2016.04.20"]

1. c4 e6 2. Nf3 d5 3. b3 Nf6 4. Bb2 Be7 5. g3 O-O 6. Bg2 b6 7. O-O Bb7 8. cxd5
exd5 9. Qc2 Re8 10. Re1 Bc5 11. d4 Bd6 12. Nc3 Nbd7 13. Nb5 Bb4 14. Rec1 Ba6
15. Nc3 Rc8 16. e3 c5 17. a3 Bxc3 18. Bxc3 cxd4 19. Nxd4 Nc5 20. Qd2 Nfe4 21.
Bxe4 Nxe4 22. Qb2 Qd7 23. b4 Bc4 24. b5 Nc5 25. Rcb1 Na4 26. Qc2 Nxc3 27. Qxc3
Bxb5 28. Qb4 Bd3 29. Rd1 Be4 30. Qb5 Qxb5 31. Nxb5 Rc5 32. Nd6 Re6 33. Nxe4
Rxe4 34. Rac1 Rxc1 35. Rxc1 Rc4 36. Rd1 Rc5 37. Kf1 Kf8 38. Ke1 Ke7 39. Kd2 Ke6
40. Kd3 b5 41. Rb1 a5 42. h4 Kd6 43. e4 dxe4+ 44. Kxe4 Rc4+ 45. Kd3 Kc5 46. Re1
Ra4 47. Rc1+ Kb6 48. Rc3 b4 49. axb4 axb4 50. Rc2 Kb5 51. Rc7 Ra3+ 52. Kd4 Rf3
53. Rc2 b3 54. Rc8 Rxf2 55. Rb8+ Ka4 56. Kc4 Rc2+ 57. Kd3 Rc7 58. Ra8+ Kb4 59.
Rb8+ Ka3 60. Ra8+ Kb2 61. Rb8 Rc3+ 62. Kd2 Rxg3 63. Rb7 f6 64. h5 h6 65. Kd1
Kb1 66. Kd2 b2 67. Kd1 Ka2 68. Kc2 b1=Q+ 69. Rxb1 Rg2+ 70. Kc1 Rg1+ 0-1

[Event "Russian Championship B13 1st league 2016"]
[Site "Loo"]
[Date "2016.04.23"]
[Round "4.41"]
[White "Fonichkin, Egor"]
[Black "Zyryanov, Konstantin"]
[Result "1-0"]
[WhiteElo "1631"]
[BlackElo "1414"]
[PlyCount "181"]
[EventDate "2016.04.20"]

1. d4 c5 2. d5 f5 3. c4 Nf6 4. Nc3 g6 5. Bf4 d6 6. Nf3 Bg7 7. e3 Na6 8. a3 Nc7
9. Bd3 O-O 10. O-O e6 11. dxe6 Bxe6 12. Be2 Nce8 13. Ng5 Qe7 14. Qb3 Bf7 15.
Bf3 Kh8 16. Nxf7+ Rxf7 17. Rad1 Rd8 18. Rd2 Qf8 19. Rfd1 Rfd7 20. h3 Ng8 21.
Na4 Qe7 22. Nc3 Nh6 23. Bd5 Nf7 24. Bxf7 Qxf7 25. Nb5 a6 26. Nc3 Qe6 27. Nd5
Be5 28. Bg5 Bf6 29. Bxf6+ Nxf6 30. Qc3 Kg7 31. Kf1 Kf7 32. Nxf6 Qxf6 33. Ke2
Qxc3 34. bxc3 Ke6 35. Rb2 Rc7 36. Rdb1 Rdd7 37. f4 Kf6 38. Kf3 Re7 39. Rb6 Rcd7
40. Rd1 Re6 41. Ke2 Kf7 42. Kd3 Kf6 43. g4 Kf7 44. g5 Kg7 45. h4 Kf7 46. Rh1
Kg7 47. h5 Rde7 48. h6+ Kf7 49. Rh3 Rd7 50. Rh2 Ke8 51. Re2 Re4 52. a4 Kf7 53.
a5 Ke8 54. Rh2 Kf7 55. Rhb2 Ree7 56. R6b3 Kf8 57. Rb1 Kf7 58. Rb6 Kf8 59. R1b2
Kf7 60. Rb1 Kf8 61. R1b2 Kf7 62. Re2 Re4 63. Reb2 Ree7 64. e4 fxe4+ 65. Ke3 Ke8
66. Rd2 Re6 67. Rd5 Ke7 68. f5 gxf5 69. Rxf5 Ke8 70. Rf4 Rde7 71. Rf6 Re5 72.
g6 hxg6 73. Rxg6 Rh7 74. Rbxd6 Ree7 75. Rd5 Kf7 76. Rdg5 Rc7 77. Kxe4 Rd7 78.
Rg7+ Ke8 79. Rxh7 Rxh7 80. Rg8+ Kf7 81. Rg7+ Rxg7 82. hxg7 Kxg7 83. Kd5 b5 84.
cxb5 axb5 85. Kxc5 Kf7 86. a6 Ke7 87. a7 Kd7 88. a8=Q b4 89. cxb4 Kc7 90. Qa7+
Kd8 91. Kd6 1-0

[Event "Russian Championship B13 1st league 2016"]
[Site "Loo"]
[Date "2016.04.23"]
[Round "4.42"]
[White "Lebedev, Nikita"]
[Black "Shkrebko, Mikhail"]
[Result "1/2-1/2"]
[WhiteElo "1629"]
[BlackElo "1407"]
[PlyCount "88"]
[EventDate "2016.04.20"]

1. d4 d5 2. Bf4 Nf6 3. Nf3 e6 4. e3 Bd6 5. Bg3 O-O 6. Bd3 Re8 7. Ne5 c5 8. c3
Qb6 9. Na3 Be7 10. Bh4 Nc6 11. Bxf6 Bxf6 12. Bxh7+ Kf8 13. Qc2 Bxe5 14. dxe5
Nxe5 15. f4 Ng4 16. O-O-O Nxe3 17. Qf2 Nxd1 18. Rxd1 c4 19. Qh4 Bd7 20. Bc2
Qe3+ 21. Kb1 b5 22. Re1 Qb6 23. f5 f6 24. g4 e5 25. Bd1 Ke7 26. Rxe5+ Kd6 27.
Rxe8 Rxe8 28. Qg3+ Kc6 29. Nc2 Kb7 30. Nd4 a5 31. b3 b4 32. Bf3 Re5 33. Bd1
bxc3 34. Qxc3 cxb3 35. axb3 Re4 36. Nc2 Bb5 37. Bf3 Re5 38. Nd4 Bd7 39. Ka2 Qb4
40. Qxb4+ axb4 41. Nc2 Kb6 42. Nxb4 d4 43. Kb2 Kb5 44. Nc2 d3 1/2-1/2

[Event "Russian Championship B13 1st league 2016"]
[Site "Loo"]
[Date "2016.04.23"]
[Round "4.43"]
[White "Zotkaev, Basang"]
[Black "Anchikov, Vladimir"]
[Result "1/2-1/2"]
[WhiteElo "1386"]
[BlackElo "1619"]
[PlyCount "56"]
[EventDate "2016.04.20"]

1. e4 e5 2. Nf3 Nc6 3. Bb5 Nf6 4. O-O Nxe4 5. Re1 Nd6 6. Bxc6 dxc6 7. Nxe5 Be7
8. d4 Be6 9. Bf4 O-O 10. Nc3 Nf5 11. Nf3 Re8 12. Qd2 Bf6 13. Rad1 Bd5 14. Nxd5
cxd5 15. Rf1 c6 16. Rfe1 Nh4 17. Nxh4 Bxh4 18. Rxe8+ Qxe8 19. Re1 Qd7 20. Bg5
Bxg5 21. Qxg5 Re8 22. Rxe8+ Qxe8 23. Qe5 Qd8 24. Qe3 Qd7 25. Qe5 Qd8 26. Qe3
Qd7 27. Qe5 Qd8 28. Qe3 Qd7 1/2-1/2

[Event "Russian Championship B13 1st league 2016"]
[Site "Loo"]
[Date "2016.04.23"]
[Round "4.44"]
[White "Agabekov, Saveliy"]
[Black "Novikov, Ivan"]
[Result "1-0"]
[WhiteElo "1567"]
[BlackElo "1330"]
[PlyCount "91"]
[EventDate "2016.04.20"]

1. e4 e6 2. d4 d5 3. e5 c5 4. Nf3 Qb6 5. Bd3 Bd7 6. O-O cxd4 7. a3 a5 8. Re1
Nc6 9. Nbd2 Nge7 10. Nf1 Ng6 11. Ng3 Qc7 12. Qe2 Bc5 13. Nh5 Bf8 14. Bg5 Nge7
15. Bxe7 Kxe7 16. Qd2 h6 17. Qf4 Qb6 18. Nh4 Be8 19. Qg4 Kd7 20. f4 g6 21. Nf6+
Kc7 22. Nxg6 fxg6 23. Qxe6 Be7 24. Nxd5+ Kd8 25. Nxb6 Rb8 26. Bb5 Bc5 27. Qd5+
Kc7 28. Qxc5 Rd8 29. Nd5+ Kb8 30. Bxc6 Bxc6 31. Ne7 Be8 32. e6 Ba4 33. b3 Be8
34. Qe5+ Ka7 35. Qxa5+ Kb8 36. Qxd8+ Ka7 37. Qxd4+ Ka8 38. Qxh8 g5 39. Qxe8+
Ka7 40. Qb5 gxf4 41. Nc6+ bxc6 42. Qxc6 f3 43. e7 h5 44. e8=Q f2+ 45. Kxf2 h4
46. Qea8# 1-0

[Event "Russian Championship B13 1st league 2016"]
[Site "Loo"]
[Date "2016.04.23"]
[Round "4.47"]
[White "Zhanazarov, Iskander"]
[Black "Krivich, Ilya"]
[Result "1/2-1/2"]
[WhiteElo "1746"]
[BlackElo "1442"]
[PlyCount "87"]
[EventDate "2016.04.20"]

1. e4 c5 2. Nf3 Nc6 3. d4 cxd4 4. Nxd4 d6 5. Nc3 Nf6 6. Bg5 e6 7. Qd2 a6 8.
O-O-O h6 9. Bf4 Bd7 10. Nxc6 Bxc6 11. f3 e5 12. Bg3 Be7 13. Bc4 Nxe4 14. Nxe4
Bxe4 15. Qe2 Bh7 16. Bxe5 Rc8 17. Bb3 O-O 18. Bg3 Re8 19. Qd2 Qb6 20. Qd4 Qc6
21. Qd5 Bxc2 22. Qxc6 Bxb3 23. Qxc8 Rxc8+ 24. Kb1 Bxd1 25. Rxd1 Rd8 26. Kc2 f5
27. Rd5 g6 28. h4 Kf7 29. Kb3 Ke6 30. Rd3 g5 31. Re3+ Kd7 32. hxg5 hxg5 33. Rd3
f4 34. Be1 Bf6 35. Bc3 Bxc3 36. Kxc3 Re8 37. Rd2 Re3+ 38. Kb4 b6 39. Kc4 Kc6
40. b3 d5+ 41. Rxd5 b5+ 42. Kd4 Rd3+ 43. Kxd3 Kxd5 44. b4 1/2-1/2

[Event "Russian Championship B13 1st league 2016"]
[Site "Loo"]
[Date "2016.04.23"]
[Round "4.48"]
[White "Kostenko, Kirill"]
[Black "Yadigarov, Aivaz"]
[Result "0-1"]
[WhiteElo "1614"]
[BlackElo "1441"]
[PlyCount "110"]
[EventDate "2016.04.20"]

1. d4 Nf6 2. Nf3 g6 3. c4 Bg7 4. Nc3 O-O 5. e4 d6 6. Nd2 Nbd7 7. f3 e5 8. d5 a5
9. Be2 Nc5 10. Nf1 Nh5 11. g4 Nf4 12. Bxf4 exf4 13. Qd2 Qh4+ 14. Kd1 Be5 15.
Qe1 Qxe1+ 16. Kxe1 f5 17. Nd2 fxg4 18. fxg4 f3 19. Nxf3 Bxc3+ 20. bxc3 Nxe4 21.
Nd4 Nxc3 22. Bf3 Rf4 23. Kd2 Rxd4+ 24. Kxc3 Rf4 25. Rhf1 Bxg4 26. Bxg4 Rxg4 27.
Rae1 Rf8 28. Rxf8+ Kxf8 29. Rf1+ Kg7 30. Re1 Rf4 31. Re7+ Rf7 32. Re8 Kf6 33.
Kb3 Re7 34. Rb8 b6 35. Ka4 Ke5 36. Kb5 Kd4 37. Rc8 Rf7 38. Rh8 Rg7 39. Rc8 g5
40. h3 h5 41. Rh8 g4 42. hxg4 hxg4 43. Rh1 g3 44. Kc6 g2 45. Rg1 Kxc4 46. a3
Kd3 47. Rxg2 Rxg2 48. Kxc7 b5 49. Kxd6 Kc4 50. Kc6 b4 51. d6 Rg6 52. Kc7 Rxd6
53. Kxd6 bxa3 54. Kc6 a2 55. Kb6 a1=Q 0-1

[Event "Russian Championship B13 1st league 2016"]
[Site "Loo"]
[Date "2016.04.23"]
[Round "4.50"]
[White "Savintsev, Vladimir V"]
[Black "Chelebaev, Mikhail"]
[Result "0-1"]
[WhiteElo "1559"]
[BlackElo "1397"]
[PlyCount "110"]
[EventDate "2016.04.20"]

1. d4 d5 2. Bf4 Nf6 3. Nf3 Bf5 4. e3 e6 5. c4 Bxb1 6. Rxb1 Bb4+ 7. Ke2 c6 8.
Qb3 Qb6 9. c5 Bxc5 10. dxc5 Qxc5 11. Qxb7 Qc2+ 12. Nd2 Ne4 13. Rd1 Nxf2 14.
Kxf2 Qxd1 15. Nf3 O-O 16. Qxa8 Nd7 17. Qxa7 Nf6 18. Qd4 Qc2+ 19. Kg1 Ne4 20.
Bg3 c5 21. Qd3 Qxb2 22. Qe2 Qa3 23. Be1 Rb8 24. h3 Rb2 25. Qd3 Qxa2 26. Qa6
Rxg2+ 27. Bxg2 Qxa6 28. Nd2 Nxd2 29. Bxd2 Qe2 30. Bc1 c4 31. Kh2 e5 32. Rf1 d4
33. exd4 exd4 34. Rf4 Qe5 35. Kh1 Qe1+ 36. Rf1 Qc3 37. Bf4 d3 38. Bd5 Qd4 39.
Bxf7+ Kh8 40. Bh5 h6 41. Bg6 Qf6 42. Be4 g5 43. Rc1 Qxf4 44. Rxc4 d2 45. Rc8+
Kg7 46. Bc2 Qf1+ 47. Kh2 d1=Q 48. Bxd1 Qxd1 49. Rc7+ Kg6 50. Rc6+ Kh5 51. Rf6
Qe2+ 52. Kg1 Qe3+ 53. Kg2 Qe4+ 54. Rf3 g4 55. hxg4+ Kxg4 0-1

[Event "Russian Championship B13 1st league 2016"]
[Site "Loo"]
[Date "2016.04.23"]
[Round "4.51"]
[White "Kuzakov, Dmitriy"]
[Black "Belousov, Aleksandr"]
[Result "0-1"]
[WhiteElo "1553"]
[BlackElo "1389"]
[PlyCount "112"]
[EventDate "2016.04.20"]

1. e4 e5 2. Nf3 Nc6 3. Bc4 Be7 4. d4 d6 5. Nc3 exd4 6. Nxd4 Nxd4 7. Qxd4 Nf6 8.
O-O O-O 9. Bf4 Be6 10. Bb3 c6 11. Rad1 Ne8 12. Rd2 Qd7 13. Rfd1 c5 14. Qd3 Qc7
15. Qg3 Kh8 16. e5 dxe5 17. Bxe5 Qc8 18. Nd5 Bxd5 19. Bxd5 Nf6 20. Bxb7 Qxb7
21. Rd7 Rad8 22. Bxf6 Bxf6 23. Qd6 Qxd7 24. Qxf8+ Rxf8 25. Rxd7 Rd8 26. Rxd8+
Bxd8 27. Kf1 Kg8 28. Ke2 Kf8 29. b3 Ke7 30. Kd3 Kd6 31. c4 f5 32. f3 Ke5 33. g3
g5 34. h3 h5 35. a3 a5 36. a4 Bc7 37. Ke3 Bb8 38. f4+ gxf4+ 39. gxf4+ Ke6 40.
h4 Bd6 41. Kf3 Be7 42. Kg3 Bd6 43. Kf3 Bxf4 44. Kxf4 Kf6 45. Kf3 Ke5 46. Ke3
f4+ 47. Kf3 Kf5 48. b4 axb4 49. a5 b3 50. a6 b2 51. a7 b1=Q 52. a8=Q Qh1+ 53.
Kf2 Qxa8 54. Kg1 Qa2 55. Kh1 f3 56. Kg1 Qg2# 0-1

[Event "Russian Championship B13 1st league 2016"]
[Site "Loo"]
[Date "2016.04.23"]
[Round "4.52"]
[White "Brazhnikov, Dmitri"]
[Black "Kulagin, Timofey"]
[Result "1-0"]
[WhiteElo "1359"]
[BlackElo "1531"]
[PlyCount "101"]
[EventDate "2016.04.20"]

1. e4 c5 2. Nf3 Nc6 3. d4 cxd4 4. Nxd4 Nf6 5. Nc3 g6 6. Nxc6 bxc6 7. e5 Ng8 8.
Bc4 Bg7 9. Qf3 e6 10. Bf4 Qa5 11. Qe3 Ne7 12. O-O O-O 13. Rfe1 Nf5 14. Qd2 h6
15. Bd3 g5 16. Bxf5 exf5 17. Bxg5 hxg5 18. Qxg5 Qb4 19. Qxf5 d6 20. Qg5 Qg4 21.
Qxg4 Bxg4 22. exd6 Bxc3 23. bxc3 Rad8 24. f3 Bf5 25. Rad1 Bxc2 26. Rd2 Bf5 27.
c4 c5 28. Re5 Bd7 29. Rxc5 Rc8 30. Rg5+ Kh7 31. Rd4 Kh6 32. Rg3 Rc5 33. Rh4+
Rh5 34. Rxh5+ Kxh5 35. f4 Rc8 36. Rg7 Be6 37. Rg5+ Kh6 38. Re5 a6 39. c5 Kg6
40. g4 Kf6 41. g5+ Kg6 42. Rxe6+ Kf5 43. Rf6+ Kg4 44. d7 Rd8 45. c6 Kf3 46. Rd6
Rb8 47. d8=Q Rc8 48. Qxc8 f5 49. Qxf5 a5 50. Rd3+ Ke2 51. Qe4# 1-0

[Event "Russian Championship B13 1st league 2016"]
[Site "Loo"]
[Date "2016.04.23"]
[Round "4.53"]
[White "Klykov, Georgy"]
[Black "Edgeev, Danzan"]
[Result "1/2-1/2"]
[WhiteElo "1519"]
[BlackElo "1376"]
[PlyCount "81"]
[EventDate "2016.04.20"]

1. d4 d5 2. c4 c6 3. Nc3 Nf6 4. Nf3 e6 5. Bg5 Be7 6. Rc1 Nbd7 7. cxd5 exd5 8.
e3 Nb6 9. Qc2 h6 10. Bh4 O-O 11. Bd3 Be6 12. O-O Nh5 13. Bxe7 Qxe7 14. Rfe1 Nf6
15. Ne5 Nbd7 16. Nxd7 Qxd7 17. Na4 Qd6 18. Qc5 Qxc5 19. Nxc5 Rab8 20. b4 Nd7
21. a4 Nxc5 22. Rxc5 Rfc8 23. Rec1 Rc7 24. b5 Rbc8 25. bxc6 Rxc6 26. Rxc6 Rxc6
27. Rxc6 bxc6 28. a5 Kf8 29. e4 dxe4 30. Bxe4 Bd5 31. f3 Ke7 32. Kf2 Kd6 33.
Ke3 c5 34. Kd3 cxd4 35. Kxd4 Bxe4 36. fxe4 f6 37. Kc4 Kc6 38. g4 g6 39. h3 g5
40. Kb4 a6 41. Kc4 1/2-1/2

[Event "Russian Championship B13 1st league 2016"]
[Site "Loo"]
[Date "2016.04.23"]
[Round "4.54"]
[White "Volf, Sergey"]
[Black "Zhuk, Kirill"]
[Result "1/2-1/2"]
[WhiteElo "1356"]
[BlackElo "1515"]
[PlyCount "89"]
[EventDate "2016.04.20"]

1. e4 e5 2. Nf3 Nc6 3. Bb5 Nf6 4. Bxc6 dxc6 5. d3 Bd6 6. Nbd2 O-O 7. O-O Re8 8.
Nc4 Bg4 9. Ne3 Bh5 10. Nf5 h6 11. Re1 Bf8 12. Ng3 Bg6 13. Nh4 Bh7 14. Nhf5 Bxf5
15. Nxf5 Kh7 16. Re3 g6 17. Ng3 Bc5 18. Re2 Qd7 19. Qd2 Bf8 20. f4 Bc5+ 21. Kh1
Qd4 22. Re1 Qf2 23. fxe5 Qxd2 24. Bxd2 Ng4 25. h3 Nxe5 26. Rf1 Rad8 27. Bc3 Bd4
28. Bxd4 Rxd4 29. Ne2 Rd7 30. Rf2 Kg7 31. Raf1 Rde7 32. a4 a5 33. Nd4 b6 34.
Rf6 c5 35. Nc6 Nxc6 36. Rxc6 Rd8 37. Rff6 Rd4 38. b3 Rdd7 39. Kg1 Re5 40. Kf2
Rg5 41. g4 h5 42. Kg3 hxg4 43. hxg4 Re5 44. Kf4 Re8 45. Kg3 1/2-1/2

[Event "Russian Championship B13 1st league 2016"]
[Site "Loo"]
[Date "2016.04.23"]
[Round "4.55"]
[White "Yusupov, Mark"]
[Black "Babayan, Arman"]
[Result "0-1"]
[WhiteElo "1338"]
[BlackElo "1513"]
[PlyCount "104"]
[EventDate "2016.04.20"]

1. e4 d6 2. Nc3 Nf6 3. Bc4 g6 4. d3 Bg7 5. Nge2 O-O 6. O-O Nbd7 7. Be3 c6 8. d4
b5 9. Bb3 b4 10. Nb1 Nxe4 11. Nd2 Nef6 12. Nf3 Bb7 13. Ng3 Rc8 14. c4 bxc3 15.
bxc3 c5 16. c4 Ng4 17. Rc1 Nxe3 18. fxe3 h6 19. d5 Ne5 20. e4 Rb8 21. Qe2 Bc8
22. Nxe5 Bxe5 23. Qd3 Bd7 24. Kh1 a5 25. a3 a4 26. Ba2 Rb2 27. Rc2 Qb6 28. Rd2
Kg7 29. Ne2 Rxd2 30. Qxd2 Qb2 31. Qxb2 Bxb2 32. Rb1 Bxa3 33. g3 Bb4 34. Nc1 Rb8
35. Nd3 Bg4 36. Kg2 Rb6 37. Kf1 Bf3 38. Nf2 Ba5 39. Rxb6 Bxb6 40. Bb1 Ba5 41.
Nh3 a3 42. Ng1 Bxe4 43. Ba2 Kf6 44. Ke2 Ke5 45. Ke3 Bc3 46. Nf3+ Bxf3 47. Kxf3
Kd4 48. Ke2 e5 49. g4 f5 50. gxf5 gxf5 51. h4 e4 52. h5 f4 0-1

[Event "Russian Championship B13 1st league 2016"]
[Site "Loo"]
[Date "2016.04.23"]
[Round "4.56"]
[White "Zakaryaev, Murad"]
[Black "Mamedov, Amin"]
[Result "1-0"]
[WhiteElo "1506"]
[BlackElo "1358"]
[PlyCount "74"]
[EventDate "2016.04.20"]

1. e4 d5 2. exd5 Qxd5 3. Nc3 Qa5 4. d4 Nf6 5. Nf3 Bg4 6. Be2 Nbd7 7. O-O e6 8.
a3 O-O-O 9. Bd2 c6 10. b4 Qc7 11. b5 c5 12. Ng5 Bxe2 13. Nxe2 Nb6 14. c3 Bd6
15. dxc5 Bxc5 16. Qc2 Ng4 17. Bf4 e5 18. Bg3 Ne3 19. fxe3 Bxe3+ 20. Kh1 Bxg5
21. Qf5+ Rd7 22. Qxg5 f6 23. Qe3 Rhd8 24. Bf2 Rd2 25. Ng3 Kb8 26. Ne4 R2d3 27.
Qc5 Qf7 28. a4 R8d5 29. Qb4 Qe8 30. Qa5 Nc8 31. c4 Rd8 32. Qb4 Qf7 33. a5 b6
34. c5 Qe7 35. Qc4 bxc5 36. Bxc5 Qc7 37. Rfc1 R8d5 1-0

[Event "Russian Championship B13 1st league 2016"]
[Site "Loo"]
[Date "2016.04.23"]
[Round "4.57"]
[White "Tukaev, Timur"]
[Black "Efremov, Yaroslav"]
[Result "0-1"]
[WhiteElo "1276"]
[BlackElo "1501"]
[PlyCount "98"]
[EventDate "2016.04.20"]

1. e4 e5 2. Nf3 Nc6 3. d4 exd4 4. Nxd4 Nf6 5. Nc3 Bb4 6. Nxc6 bxc6 7. Bd3 d5 8.
exd5 cxd5 9. O-O O-O 10. Bg5 Bb7 11. Bxf6 Qxf6 12. Qh5 Qh6 13. Qf3 Bc6 14. Qg3
Bd6 15. f4 f5 16. Qf2 Rab8 17. Ne2 Rxb2 18. Ng3 Bd7 19. Kh1 Rb4 20. Ne2 Rb6 21.
Rab1 Kh8 22. Rb3 g5 23. Qd4+ Kg8 24. Qe3 g4 25. Qg3 Bc5 26. Rxb6 axb6 27. Nc3
Re8 28. Re1 Rxe1+ 29. Qxe1 Bb4 30. a3 Bxc3 31. Qxc3 Qxf4 32. Qe1 Qd6 33. Qb4
Qxb4 34. axb4 h6 35. g3 Kf7 36. Kg2 c5 37. bxc5 bxc5 38. c4 dxc4 39. Bxc4+ Kf6
40. Kf2 Ke5 41. Ke3 Be6 42. Kd3 Bxc4+ 43. Kxc4 Kd6 44. Kd3 Kd5 45. Kc3 c4 46.
Kc2 Kd4 47. Kc1 Kc3 48. Kd1 Kb2 49. Kd2 c3+ 0-1

[Event "Russian Championship B13 1st league 2016"]
[Site "Loo"]
[Date "2016.04.23"]
[Round "4.58"]
[White "Sarkisian, Artem"]
[Black "Ivanov, Ilya"]
[Result "0-1"]
[WhiteElo "1220"]
[BlackElo "1498"]
[PlyCount "86"]
[EventDate "2016.04.20"]

1. d4 e6 2. g3 d5 3. Bg2 Nf6 4. Nf3 Be7 5. O-O O-O 6. Bg5 h6 7. Bf4 c5 8. Nbd2
Nc6 9. c3 Qb6 10. dxc5 Qxb2 11. Nb3 Ne4 12. Bc1 Qxc3 13. Be3 Qf6 14. Nfd4 Qg6
15. Nxc6 bxc6 16. Nd4 Bd7 17. Nb3 Bf6 18. Rc1 Bc8 19. Na5 Bd7 20. f4 Rab8 21.
Qa4 Bb2 22. Bxe4 Qxe4 23. Qxe4 dxe4 24. Rcd1 Rfd8 25. Bd4 Ba3 26. Be5 Rb5 27.
Nxc6 Bxc5+ 28. Kg2 Rc8 29. Nxa7 Bxa7 30. Rxd7 Ra5 31. Bc7 Rxa2 32. f5 Rxe2+ 33.
Kh3 Rf2 34. Ra1 Bc5 35. fxe6 fxe6 36. Be5 Rf7 37. Rxf7 Kxf7 38. Rc1 e3 39. Kg2
e2 40. Kf3 Bb4 41. Rxc8 e1=Q 42. Rc7+ Be7 43. Bd6 Qd1+ 0-1

[Event "Russian Championship B13 1st league 2016"]
[Site "Loo"]
[Date "2016.04.23"]
[Round "4.60"]
[White "Bochkarev, Maxim"]
[Black "Rublevsky, Mikhail"]
[Result "0-1"]
[WhiteElo "1473"]
[BlackElo "1237"]
[PlyCount "66"]
[EventDate "2016.04.20"]

1. e4 c5 2. Nc3 e6 3. Nf3 a6 4. d3 Nf6 5. Bg5 Be7 6. Be2 Nc6 7. Nd2 O-O 8. Bxf6
Bxf6 9. O-O Qc7 10. Nb3 b6 11. f4 Bb7 12. e5 Be7 13. Ne4 f6 14. exf6 Bxf6 15.
Nxf6+ Rxf6 16. d4 cxd4 17. Nxd4 Rxf4 18. Nf3 Rd8 19. Qd3 Ne5 20. Nxe5 Rxf1+ 21.
Rxf1 Qxe5 22. Bf3 d5 23. Qb3 Qd6 24. Rd1 b5 25. c4 Qc5+ 26. Kh1 Qxc4 27. Qa3
Rd7 28. Qe3 Kf7 29. Re1 Re7 30. h3 e5 31. Qg5 Qf4 32. Qh5+ Kg8 33. Be2 g6 0-1

[Event "Russian Championship B13 1st league 2016"]
[Site "Loo"]
[Date "2016.04.23"]
[Round "4.70"]
[White "Mongush, Kezhik"]
[Black "Koshkin, Artem"]
[Result "1-0"]
[WhiteElo "1490"]
[BlackElo "1434"]
[PlyCount "57"]
[EventDate "2016.04.20"]

1. d4 Nf6 2. Nf3 e6 3. Bg5 d5 4. e3 Be7 5. Bd3 Nbd7 6. Nbd2 c5 7. c3 O-O 8. O-O
h6 9. Bh4 Qb6 10. Rb1 Qc7 11. e4 dxe4 12. Nxe4 cxd4 13. Nxd4 Qd8 14. Bg3 Nxe4
15. Bxe4 Nf6 16. Bf3 Bd6 17. Nxe6 Bxe6 18. Bxd6 Re8 19. Bxb7 Rb8 20. Bxb8 Qxd1
21. Rfxd1 Rxb8 22. Bf3 Bxa2 23. Ra1 Rxb2 24. Re1 Bc4 25. Rxa7 Rc2 26. Ra3 Nd7
27. Re8+ Kh7 28. Be4+ g6 29. Bxc2 1-0

[Event "Russian Championship B13 1st league 2016"]
[Site "Loo"]
[Date "2016.04.23"]
[Round "4.71"]
[White "Zhivotovskii, Dmitrii"]
[Black "Sychev, Mikhail"]
[Result "1-0"]
[WhiteElo "1457"]
[BlackElo "1482"]
[PlyCount "103"]
[EventDate "2016.04.20"]

1. e4 e5 2. Nf3 Nc6 3. Bb5 Nf6 4. O-O Bc5 5. Re1 d6 6. c3 Bd7 7. d4 exd4 8.
cxd4 Bb6 9. Nc3 O-O 10. Bg5 a6 11. Ba4 h6 12. Bh4 g5 13. Bg3 Nh5 14. Bc2 Nxg3
15. hxg3 Bg4 16. Qd3 Nb4 17. Qe2 Nxc2 18. Qxc2 Bxf3 19. gxf3 Bxd4 20. Kg2 Qf6
21. Nd5 Qe5 22. Rab1 c6 23. Ne3 Kh8 24. Ng4 Qe6 25. Rh1 Bg7 26. Rh2 f5 27. exf5
Qxf5 28. Qxf5 Rxf5 29. Nxh6 Bxh6 30. Rxh6+ Kg7 31. Rxd6 Raf8 32. Rd3 Kg6 33.
Re1 Ra5 34. a3 Rb5 35. b4 a5 36. Rb1 axb4 37. axb4 c5 38. Rd5 Rc8 39. Rc1 Rxb4
40. Rdxc5 Rxc5 41. Rxc5 b5 42. g4 Rb1 43. Kg3 b4 44. f4 b3 45. Rxg5+ Kf6 46.
Rb5 b2 47. Kf3 Kg6 48. g5 Kf7 49. f5 Kg7 50. Rb7+ Kf8 51. f6 Kg8 52. g6 1-0

[Event "Russian Championship B13 2016"]
[Site "Loo"]
[Date "2016.04.23"]
[Round "4.1"]
[White "Breskanu, Nikita"]
[Black "Skatchkov, Valery"]
[Result "0-1"]
[WhiteElo "1810"]
[BlackElo "2170"]
[PlyCount "48"]
[EventDate "2016.04.20"]

1. b3 d5 2. Bb2 c5 3. e3 Nf6 4. Bb5+ Bd7 5. a4 a6 6. Bxd7+ Nbxd7 7. Nf3 e6 8.
O-O Bd6 9. d3 O-O 10. Nbd2 Qc7 11. Qe2 b5 12. e4 d4 13. axb5 axb5 14. b4 e5 15.
bxc5 Nxc5 16. Nh4 Na4 17. Rfb1 Qxc2 18. Nf5 Bb4 19. Qf3 Bxd2 20. Qg3 Ne8 21.
Ba3 Nc3 22. Qxg7+ Nxg7 23. Nh6+ Bxh6 24. Rb2 Rxa3 0-1

[Event "Russian Championship B13 2016"]
[Site "Loo"]
[Date "2016.04.23"]
[Round "4.2"]
[White "Tsvetkov, Andrey"]
[Black "Gaydym, Arseniy"]
[Result "0-1"]
[WhiteElo "2036"]
[BlackElo "1959"]
[PlyCount "228"]
[EventDate "2016.04.20"]

1. d4 d5 2. c4 e6 3. Nc3 Nf6 4. Nf3 Bb4 5. g3 O-O 6. Bg2 c6 7. O-O Nbd7 8. Nd2
e5 9. dxe5 Nxe5 10. cxd5 Bxc3 11. bxc3 Nxd5 12. Qc2 Bg4 13. Nb3 Qe7 14. c4 Nb4
15. Qc3 Na6 16. h3 Bd7 17. e4 f6 18. f4 Nf7 19. Re1 Rad8 20. Be3 Be6 21. c5 Qd7
22. Kh2 Nc7 23. a4 f5 24. Rad1 Qxd1 25. Rxd1 Rxd1 26. Nd2 fxe4 27. Qc2 Ra1 28.
Bd4 Ra2 29. Qd1 Rd8 30. Nxe4 Bd5 31. Qb1 Re8 32. Nf2 Rxa4 33. Bxd5 Nxd5 34. Be5
Nxe5 35. fxe5 Rxe5 36. Qxb7 Re6 37. Qb3 Rb4 38. Qa2 Re7 39. h4 Rf7 40. Nd3 Re4
41. Qa6 Re2+ 42. Kh3 Rc7 43. Nb4 Re4 44. Nxc6 Re6 45. Qc4 Rcxc6 46. Qxd5 h6 47.
h5 Kh8 48. Qd7 a6 49. Qd8+ Kh7 50. Qd3+ Kg8 51. Qd7 Kf8 52. Kg4 Kg8 53. Kh3 Kf8
54. Kg4 g6 55. Qd8+ Kf7 56. Qd7+ Kf6 57. Qd4+ Kf7 58. Qd7+ Kf6 59. Qd4+ Re5 60.
Qd8+ Ke6 61. Qg8+ Kd7 62. Qg7+ Re7 63. Qxh6 gxh5+ 64. Qxh5 Kc7 65. Qd5 Kb7 66.
Kf4 Rec7 67. Ke4 Kc8 68. Qg8+ Kb7 69. Qd5 Ka7 70. Kd4 Rg6 71. Qe5 Rcg7 72. Qe8
Rxg3 73. c6 R7g4+ 74. Kc5 Rc3+ 75. Kd5 Rgc4 76. Qf7+ Kb6 77. Qf2+ Rc5+ 78. Kd6
Rd3+ 79. Ke7 Kxc6 80. Qe2 Rcd5 81. Qc2+ Kb5 82. Qb2+ Kc6 83. Qc2+ Kb7 84. Qb1+
Ka7 85. Qg1+ R3d4 86. Ke6 a5 87. Qg7+ Kb6 88. Qf8 a4 89. Qa3 Rb5 90. Qe3 Rbb4
91. Ke5 Kb5 92. Qe2+ Rbc4 93. Qb2+ Ka5 94. Qa3 Rd2 95. Qe3 Rdc2 96. Kd5 R2c3
97. Qd2 a3 98. Qa2 Ka4 99. Qb1 Rc2 100. Qb6 a2 101. Qa7+ Kb3 102. Qb6+ Rb4 103.
Qe3+ Rc3 104. Qe1 Rd3+ 105. Kc5 Rc3+ 106. Kd5 Rbc4 107. Qd1+ Kb2 108. Qe2+ Rc2
109. Qe5+ Kb1 110. Qb8+ Rb2 111. Qg3 a1=Q 112. Qd3+ Rbc2 113. Qf1+ Ka2 114. Qf6
Rc5+ 0-1